000 00245nam a2200121Ia 4500
100 _aTheraja/B.L
942 _cBK
654 _aPhysics.
245 _aEngineering Physics.
260 _bS.Chand & Co.
_c2001
082 _a530
546 _aENGLISH
999 _c28465
_d28465